000 00701nam a2200217Ii 4500
003 JO-AjNU
008 230605s9999||||xx |||||||||||||| ||und||
017 _a2003/7/1444
040 _aJO-AjNU
_bara
_erda
_cJO-AjNU
041 _aara
050 1 4 _aBP188.M5422 2004
100 3 _aملحم، أحمد سالم,
_eauthor
_914928
245 0 0 _aسلوكيات إسلامية في ضوء القرآن والسنة
250 _aط1
264 3 1 _aعمان: دار النفائس للنشر والتوزيع، 2004
300 _a144ص
336 _atext
_btxt
_2rdacontent
337 _aunmediated
_bn
_2rdamedia
338 _avolume
_bnc
_2rdacarrier
650 4 _aالاخلاق الاسلامية
_914929
999 _aA4098
_c7666
_d7666